000 00423pab a2200145 454500
008 180718b2003 xxu||||| |||| 00| 0 eng d
100 _aAtkinson, Rowland
245 _aDomestication by Cappuccino or a revenge on urban space? Control and empowerment in the management of public spaces
260 _c2003
300 _ap.1829-843.
362 _aAug
650 _aUrban spaces
773 _aUrban Studies
909 _a57537
999 _c57537
_d57537